Statistics for Princess Bride Characters by Quotes

Click here to take the quiz!

General Stats

  • This quiz has been taken 52 times
  • The average score is 9 of 12

Answer Stats

HintAnswer% Correct
"Prepare to die"Inigo
98%
"You never sent the ships."Buttercup
94%
"Anyboy want a Peanut?"Fezzik
94%
"...My wife to murder..."Humperdinck
88%
"He's only mostly dead"Max
81%
"I used to read it to your Father"Grandpa
77%
"As you Wish."Westley
77%
"Inconceivable!"Vizzini
71%
"The pit of Despair!"The Albino
65%
"Humperdinck! Humperdinck! Humperdinck!"Valerie
44%
"NOT TO 50!"Rugen
42%
"I'll try and Stay Awake"Grandson
35%

Score Distribution

Percentile by Number Answered

Percent of People with Each Score

Your Score History

You have not taken this quiz